Die 10 wertvollsten Automarken - Statistiken

Allgemein
  • Dieses Quiz wurde 954 mal gespielt
  • Das Durchschnittsergebnis liegt bei 6 aus 10
Antwortstatistiken
Wert Land Antwort % Korrekt
71 Milliarden Deutschland BMW
94%
81 Milliarden Deutschland Mercedes-Benz
94%
78 Milliarden Deutschland Volkswagen
94%
116 Milliarden Deutschland Porsche
84%
190 Milliarden Japan Toyota
80%
51 Milliarden USA Ford
74%
600 Milliarden USA Tesla
63%
49 Milliarden USA General Motors
32%
100 Milliarden China BYD
15%
57 Milliarden Niederlande Stellantis
4%
Keine übereinstimmenden Quizze gefunden
Verteilung der Resultate
Anzahl Personen mit jedem Resultat
Perzentil nach korrekt beantworteten Fragen
Ihre Resultats-Entwicklung
Sie haben dieses Quiz noch nicht gespielt